Tư tưởng khoan dung và lạc quan của Nguyễn Du trong truyện Kiều /

Tallennettuna:
Bibliografiset tiedot
Päätekijä: Nguyễn Tấn Hùng.
Aineistotyyppi: Artikkeli
Kieli:Vietnamese
Aiheet:
Tagit: Lisää tagi
Ei tageja, Lisää ensimmäinen tagi!
Thư viện lưu trữ: Thư viện Trường Đại học Đà Lạt
LEADER 00781nam a2200253 4500
001 DLU160177963
005 ##20161205
040 # # |a DLU  |b vie 
041 # # |a vie 
044 # # |a vn 
100 # # |a Nguyễn Tấn Hùng. 
245 # # |a Tư tưởng khoan dung và lạc quan của Nguyễn Du trong truyện Kiều /  |c Nguyễn Tấn Hùng. 
653 # # |a Giá trị nhân văn 
653 # # |a Nguyễn Du 
653 # # |a Truyện Kiều 
773 # # |t Tạp chí Khoa học xã hội Việt Nam   |g Số 7(104), 2016, tr. 76-82 
920 # # |a Phòng Tạp chí -- Trung tâm Thông tin - Thư viện Trường Đại học Đà Lạt 
900 # # |a True 
911 # # |a Hoàng Thị Huyền 
925 # # |a G 
926 # # |a A 
927 # # |a BB 
980 # # |a Thư viện Trường Đại học Đà Lạt